书目信息 |
| 题名: |
摄影美学原理
|
|
| 作者: | 康大荃 著 ;全国高校摄影联合会 , 中国高教学会 编 | |
| 分册: | ||
| 出版信息: | 成都 四川美术出版社 2006 |
|
| 页数: | 186页 | |
| 开本: | 26cm | |
| 丛书名: | ||
| 单 册: | ||
| 中图分类: | J401 | |
| 科图分类: | ||
| 主题词: | 摄影艺术--艺术美学--高等学校--教材 , 摄影艺术 , 艺术美学 | |
| 电子资源: | ||
| ISBN: | 7-5410-3021-X | |
| 000 | 01079nam0 2200289 450 | |
| 001 | 1574896350 | |
| 005 | 20150130204820.98 | |
| 010 | @a7-5410-3021-X@dCNY30.00 | |
| 100 | @a20060104d2006 em y0chiy50 ea | |
| 101 | 0 | @achi |
| 102 | @aCN@b510000 | |
| 105 | @aa z 000yy | |
| 200 | 1 | @a摄影美学原理@9she ying mei xue yuan li@dPhotography aesthetics@f康大荃著@g全国高校摄影联合会,中国高教学会摄影教育专委会编@zeng |
| 210 | @a成都@c四川美术出版社@d2006 | |
| 215 | @a186页@c照片@d26cm | |
| 300 | @a新世纪高等学校摄影及相关专业通用教材 | |
| 330 | @a本书包括了美的本质、美的基本形态和审美范畴、什么是摄影美学、摄影艺术形态分类及其审美特征等内容。 | |
| 510 | 1 | @aPhotography aesthetics@zeng |
| 606 | 0 | @a摄影艺术@x艺术美学@x高等学校@j教材 |
| 606 | 0 | @a摄影艺术 |
| 606 | 0 | @a艺术美学 |
| 690 | @aJ401@v5 | |
| 701 | 0 | @a康大荃@9kang da quan@f(1942~)@4著 |
| 712 | 02 | @a全国高校摄影联合会@9quan guo gao xiao she ying lian he hui@4编 |
| 712 | 02 | @a中国高教学会@9zhong guo gao jiao xue hui@b摄影教育专委会@4编 |
| 801 | 0 | @aCN@bTSSF@c20150130 |
| 905 | @aZUCC@dJ401@eJY47 | |
| 摄影美学原理=Photography aesthetics/康大荃著/全国高校摄影联合会,中国高教学会摄影教育专委会编.-成都:四川美术出版社,2006 |
| 186页:照片;26cm |
| 新世纪高等学校摄影及相关专业通用教材 |
| ISBN 7-5410-3021-X:CNY30.00 |
| 本书包括了美的本质、美的基本形态和审美范畴、什么是摄影美学、摄影艺术形态分类及其审美特征等内容。 |
| ● |
| 相关链接 |
|
|
|
|
正题名:摄影美学原理
索取号:J401/JY47
 
预约/预借
| 序号 | 登录号 | 条形码 | 馆藏地/架位号 | 状态 | 备注 |
| 1 | 7863529 | 278635292 | 学院路分馆/ [索取号:J401/JY47] | 在馆 |